=LDR 00000nam 2200000 4500 =001 INLIS000000000035238 =005 20130612141118 =008 ***********************************ind** =035 ##$$0010-061300000035238 =041 ##$$a ind =082 ##$$a 301.07 =090 ##$$a 301.07, Suh,s =100 ##$$a Suhardi =245 ##$$a Sosiologi Untuk SMA/MA, Suhardi, Sri Suharti; Edito, Ahmad Muhaqin =260 ##$$a 2009 $b Jakarta =300 ##$$a 3 Jil, Illus, 25 cm =650 ##$$a Sosiologi Studi dan Pengajaran =850 ##$$a NBPNMAT